Electrical safety code manual: a plain language guide to National electrical code, OSHA, and NFPA 70E

Détails bibliographiques
Auteur principal: Keller K. J. Kimberley
Résumé:Заглавие с титульного экрана
Режим доступа: из корпоративной сети ТПУ
Langue:anglais
Publié: Amsterdam, Elsevier, 2010
Sujets:
Accès en ligne:http://www.lib.tpu.ru/fulltext2/m/2016/science_book/Electrical%20Saety.pdf
Format: Électronique Livre
KOHA link:https://koha.lib.tpu.ru/cgi-bin/koha/opac-detail.pl?biblionumber=314864

MARC

LEADER 00000nlm0a2200000 4500
001 314864
005 20231102002723.0
035 |a (RuTPU)RU\TPU\book\340296 
035 |a RU\TPU\book\340293 
090 |a 314864 
100 |a 20160219d2010 k y0engy50 ba 
101 0 |a eng 
102 |a NL 
105 |a a z 001zy 
135 |a drcn ---uucaa 
200 1 |a Electrical safety code manual: a plain language guide to National electrical code, OSHA, and NFPA 70E  |b Electronic resource  |f K. J. Keller 
203 |a Text  |c electronic 
210 |a Amsterdam  |c Elsevier  |d 2010 
230 |a 1 компьютерный файл (pdf; 24 Mb) 
300 |a Заглавие с титульного экрана 
333 |a Режим доступа: из корпоративной сети ТПУ 
337 |a Adobe Reader 
606 1 |a Электробезопасность  |2 stltpush  |3 (RuTPU)RU\TPU\subj\19720  |9 44893 
610 1 |a электронный ресурс 
610 1 |a электричество 
610 1 |a безопасность 
610 1 |a электроэнергия 
610 1 |a электробезопасность 
610 1 |a стандарты 
675 |a 621.31:658.382  |v 3 
700 1 |a Keller  |b K. J.  |g Kimberley 
801 1 |a RU  |b 63413507  |c 20131216 
801 2 |a RU  |b 63413507  |c 20160615  |g RCR 
856 4 |u http://www.lib.tpu.ru/fulltext2/m/2016/science_book/Electrical%20Saety.pdf 
942 |c CF